Most Appearances in the FIFA World Cup for Men - Statistics

General Stats
  • This quiz has been taken 197 times
    154 since last reset
  • The average score is 27 of 53
Answer Stats
Country Tournaments Matches Answer % Correct
Argentina 2006, 2010, 2014, 2018, 2022 26 Lionel Messi
100%
Portugal 2006, 2010, 2014, 2018, 2022 22 Cristiano Ronaldo
99%
Brazil 1998, 2002, 2006 19 Ronaldo
99%
Germany 2010, 2014, 2018, 2022 19 Thomas Müller
94%
Germany 2002, 2006, 2010, 2014 24 Miroslav Klose
93%
Argentina 1982, 1986, 1990, 1994 21 Diego Maradona
90%
West Germany 1966, 1970, 1974 18 Franz Beckenbauer
85%
Italy 1990, 1994, 1998, 2002 23 Paolo Maldini
81%
Germany 2006, 2010, 2014 20 Philipp Lahm
81%
Croatia 2006, 2014, 2018, 2022 19 Luka Modrić
80%
Germany 2010, 2014, 2018, 2022 19 Manuel Neuer
80%
West Germany/Germany 1982, 1986, 1990, 1994, 1998 25 Lothar Matthäus
79%
France 2010, 2014, 2018, 2022 20 Hugo Lloris
76%
Brazil 1994, 1998, 2002, 2006 20 Cafu
73%
France 2014, 2018, 2022 19 Antoine Griezmann
69%
Germany 2006, 2010, 2014 20 Bastian Schweinsteiger
66%
Argentina 2010, 2014, 2018, 2022 18 Ángel Di María
65%
France 2014, 2018, 2022 18 Olivier Giroud
58%
Brazil 1998, 2002, 2006 17 Roberto Carlos
57%
Argentina 2006, 2010, 2014, 2018 20 Javier Mascherano
56%
Spain 2002, 2006, 2010, 2014 17 Iker Casillas
55%
France 1998, 2002, 2006, 2010 17 Thierry Henry
52%
West Germany/Germany 1990, 1994, 1998 17 Jürgen Klinsmann
51%
Spain 2006, 2010, 2014, 2018 17 Sergio Ramos
51%
Italy 1998, 2002, 2006, 2010 18 Fabio Cannavaro
50%
West Germany 1978, 1982, 1986 19 Karl-Heinz Rummenigge
50%
Uruguay 2010, 2014, 2018, 2022 17 Edinson Cavani
49%
Mexico 2002, 2006, 2010, 2014, 2018 19 Rafael Márquez
48%
France 2014, 2018, 2022 18 Raphaël Varane
46%
Spain 2010, 2014, 2018, 2022 17 Sergio Busquets
45%
Italy 1974, 1978, 1982 17 Dino Zoff
43%
Netherlands 2006, 2010, 2014 17 Wesley Sneijder
43%
Croatia 2014, 2018, 2022 17 Ivan Perišić
41%
Argentina 1974, 1978, 1982 18 Mario Kempes
40%
Netherlands 2006, 2010, 2014 17 Robin van Persie
39%
Poland 1974, 1978, 1982 20 Grzegorz Lato
38%
Brazil 1990, 1994, 1998 18 Dunga
35%
West Germany 1958, 1962, 1966, 1970 21 Uwe Seeler
33%
Germany 2006, 2010, 2014 19 Per Mertesacker
30%
West Germany 1970, 1974, 1978 18 Sepp Maier
28%
Brazil 1990, 1994, 1998 18 Cláudio Taffarel
27%
France 1998, 2002, 2006 17 Fabien Barthez
27%
Brazil 2002, 2006, 2010 17 Lúcio
23%
West Germany 1970, 1974, 1978 19 Berti Vogts
21%
West Germany 1982, 1986, 1990 18 Pierre Littbarski
19%
West Germany 1966, 1970, 1974 19 Wolfgang Overath
19%
England 1982, 1986, 1990 17 Peter Shilton
18%
Italy 1978, 1982, 1986 18 Gaetano Scirea
17%
Belgium 1986, 1990, 1994, 1998 17 Enzo Scifo
15%
West Germany 1958, 1962, 1966, 1970 17 Karl-Heinz Schnellinger
13%
Poland 1974, 1978, 1982, 1986 21 Władysław Żmuda
13%
West Germany/Germany 1986, 1990, 1994 18 Thomas Berthold
12%
Italy 1978, 1982, 1986 18 Antonio Cabrini
11%
No matching quizzes found
Score Distribution
Percent of People with Each Score
Percentile by Number Answered
Your Score History
You have not taken this quiz since the last reset